Loading...
| MB | 3 | 12 | 1 | 4 | 160 | 54 | 96.27 | 2 | 9 | 0.00 | 0.00 |
| RR | 3 | 3 | 0 | 2 | 75 | 55 | 86.17 | 1 | 3 | 0.00 | 0.00 |
| BB | 1 | 3 | 0 | 1 | 45 | 61 | 93.75 | 1 | 2 | 0.00 | 0.00 |
| DM | 0 | 4 | 0 | 2 | 40 | 88 | 118.75 | 0 | 2 | 0.00 | 0.00 |
| RC | 0 | 3 | 1 | 0 | 25 | 111 | 121.00 | 0 | 1 | 0.00 | 0.00 |
| AG | 0 | 3 | 2 | 1 | 20 | 93 | 110.00 | 1 | 3 | 0.00 | 0.00 |
| AR | 0 | 2 | 0 | 1 | 20 | 110 | 119.50 | 0 | 0 | 0.00 | 0.00 |
| MV | 0 | 1 | 0 | 0 | 10 | 115 | 115.00 | 0 | 0 | 0.00 | 0.00 |
| AW> | 0 | 1 | 0 | 0 | 10 | 78 | 78.00 | 0 | 1 | 0.00 | 0.00 |
| AW | 0 | 1 | 0 | 1 | 10 | 124 | 124.00 | 0 | 0 | 0.00 | 0.00 |
| TR | 0 | 2 | 2 | 0 | 10 | 86 | 96.00 | 0 | 1 | 0.00 | 0.00 |
| MB | Kongo kingdom | 15 | 54 |
| RR | core and periphery | 15 | 55 |
| MB | abortion ban | 15 | 57 |
| RR | open | 15 | 59 |
| AG | landlords | -5 | 60 |
| BB | birds | 15 | 61 |
| MB | Colorado Party | 15 | 64 |
| RR | Lake Malawi | 15 | 67 |
| AG | burning of the Temple of Artemis at Ephesus | -5 | 72 |
| MB | cats | 10 | 74 |